Đại cương triết học Trung Quốc. T.1 /
Vài nét sơ lược về sự phát triển của triết học Trung Hoa; Vũ trụ luận; Tri thức luận.
Salvato in:
| Autore principale: | |
|---|---|
| Altri autori: | |
| Natura: | Libro |
| Lingua: | Vietnamese |
| Pubblicazione: |
Hà Nội :
Thanh niên,
2004.
|
| Soggetti: | |
| Tags: |
Aggiungi Tag
Nessun Tag, puoi essere il primo ad aggiungerne! !
|
| Thư viện lưu trữ: | Mạng thư viện Đại học Đà Nẵng |
|---|
| LEADER | 01263cam a2200373 a 4500 | ||
|---|---|---|---|
| 001 | 000044553 | ||
| 003 | 2954 | ||
| 005 | 20060427092936.0 | ||
| 008 | 010220b2004 vm 000 vie | ||
| 020 | |c 100000 | ||
| 040 | |a LRC |c LRC |d LRC | ||
| 041 | 0 | |a vie | |
| 082 | 1 | 4 | |a 181.11 |b GI-C |
| 100 | 1 | |a Giản Chi. | |
| 245 | 1 | 0 | |a Đại cương triết học Trung Quốc. |n T.1 / |c Giản Chi, Nguyễn Hiến Lê. |
| 260 | |a Hà Nội : |b Thanh niên, |c 2004. | ||
| 300 | |a 1006 tr. ; |c 19 cm. | ||
| 520 | 3 | |a Vài nét sơ lược về sự phát triển của triết học Trung Hoa; Vũ trụ luận; Tri thức luận. | |
| 630 | 0 | 4 | |a Triết học. |
| 630 | 0 | 4 | |a Trung Quốc. |
| 650 | 0 | 4 | |a Triết học |z Trung Quốc. |
| 700 | 1 | |a Nguyễn Hiến Lê. | |
| OWN | |a DUT | ||
| AVA | |a UDN50 |b DUT |c Book |d 181.11 GI-C |e available |t Error 5001 Not defined in file expand_doc_bib_avail. |f 3 |g 0 |h N |i 0 |j SH |k 1 | ||
| 999 | |a From the UDN01 | ||
| AVA | |a UDN50 |b DUT |c Book |d 181.11 GI-C |e available |t Error 5001 Not defined in file expand_doc_bib_avail. |f 3 |g 0 |h N |i 0 |j SH |k 1 | ||
| TYP | |a Monograph | ||
| TYP | |a Printed language | ||
| 980 | |a Mạng thư viện Đại học Đà Nẵng | ||